|
|
|
|
| LEADER |
00000nam0a2200000 4500 |
| 001 |
64217 |
| 005 |
20231031065449.0 |
| 010 |
|
|
|a 5898151729
|
| 035 |
|
|
|a (RuTPU)RU\TPU\book\68154
|
| 090 |
|
|
|a 64217
|
| 100 |
|
|
|a 20040527d2006 m y0rusy50 ca
|
| 101 |
0 |
|
|a rus
|
| 102 |
|
|
|a RU
|
| 105 |
|
|
|a a j 001zy
|
| 200 |
1 |
|
|a Электромагнетизм
|e учебное пособие для вузов
|f С. И. Кузнецов
|g Томский политехнический университет (ТПУ)
|
| 210 |
|
|
|a Томск
|c Изд-во ТПУ
|d 2006
|
| 215 |
|
|
|a 89 с.
|c ил.
|
| 225 |
1 |
|
|a Учебники Томского политехнического университета
|
| 320 |
|
|
|a Библиогр.: с. 87.
|
| 330 |
|
|
|a В учебном пособии рассмотрены основные вопросы физики электромагнитных взаимодействий. Основное внимание уделено раскрытию физического смысла фундаментальных законов теории электромагнитных явлений и выработке у студентов практических навыков их использования. Пособие подготовлено на кафедре общей физики ТПУ, соответствует программе курса физики высших технических учебных заведений и направлено на активизацию научного мышления и познавательной деятельности студентов. Предназначено для межвузовского использования студентами технических специальностей очной и дистанционной форм обучения.
|
| 452 |
|
1 |
|0 (RuTPU)RU\TPU\book\96298
|t Электромагнетизм
|o учебное пособие
|f С. И. Кузнецов
|g Томский политехнический университет (ТПУ)
|c Томск
|n Изд-во ТПУ
|d 2006
|a Кузнецов, Сергей Иванович
|
| 610 |
1 |
|
|a физика
|
| 610 |
1 |
|
|a электричество
|
| 610 |
1 |
|
|a электромагнетизм
|
| 610 |
1 |
|
|a магнитное поле
|
| 610 |
1 |
|
|a электромагнитная индукция
|
| 610 |
1 |
|
|a заряженные частицы
|
| 610 |
1 |
|
|a ускорители
|
| 610 |
1 |
|
|a самоиндукция
|
| 610 |
1 |
|
|a уравнения Максвелла
|
| 610 |
1 |
|
|a учебные пособия
|
| 610 |
1 |
|
|a труды учёных ТПУ
|
| 675 |
|
|
|a 537.8(075.8)
|v 3
|
| 700 |
|
1 |
|a Кузнецов
|b С. И.
|c физик
|c доцент Томского политехнического университета, кандидат технических наук
|f 1952-
|g Сергей Иванович
|2 stltpush
|3 (RuTPU)RU\TPU\pers\27957
|
| 712 |
0 |
2 |
|a Томский политехнический университет (ТПУ)
|c (1991-2009)
|2 stltpush
|3 (RuTPU)RU\TPU\col\376
|
| 801 |
|
1 |
|a RU
|b 63413507
|c 20040527
|g PSBO
|
| 801 |
|
2 |
|a RU
|b 63413507
|c 20150217
|g PSBO
|
| 942 |
|
|
|c BK
|